| 000 | 00471nam a2200157 a 4500 | ||
|---|---|---|---|
| 001 | 000026007 | ||
| 005 | 20200930024225.0 | ||
| 008 | 110225s19uu dr 000 0 spa d | ||
| 040 |
_aDO-SdBNP _bspa _cBNPHU |
||
| 100 | 1 |
_aMato, Rafael _952911 |
|
| 245 | 1 | 0 |
_a40 años después : _bcuando los hombres lloran / _cRafael Mato. |
| 246 | 1 | 0 |
_aCuarenta años despues _bcuando los hombres lloran |
| 260 |
_a[s.l.], _c[s.n.]. |
||
| 300 |
_a181 p. : _bil. ; _c21 cm. |
||
| 049 | _aBNPD | ||
| 999 |
_c25499 _d25499 |
||